[Event "Oviedo op 8th"]
[Site "Oviedo"]
[Date "2022.07.23"]
[Round "9"]
[White "Fernandez Ojanguren, Pelayo"]
[Black "Soares, Sara Joana de Moura"]
[Result "0-1"]
[WhiteElo "1796"]
[BlackElo "1522"]
[PlyCount "74"]
[EventDate "2022.07.17"]
[EventType "swiss"]
[EventRounds "9"]
[EventCountry "ESP"]
[SourceTitle "CBM 209 Extra"]
[Source "ChessBase"]
[SourceDate "2022.09.30"]
[SourceVersion "1"]
[SourceVersionDate "2022.09.30"]
[SourceQuality "1"]

1. e4 c5 2. Nf3 Nc6 3. d4 cxd4 4. Nxd4 g6 5. Nc3 Bg7 6. Be3 Nf6 7. Bc4 Qa5 8. 0-0 0-0 9. Bb3 d6 10. h3 Bd7 11. Re1 Rac8 12. Qd2 Rfd8 13. Rad1 a6 14. Nxc6 bxc6 15. f4 Be8 16. Qf2 Nd7 17. g4 Rb8 18. g5 Nc5 19. Bxc5 dxc5 20. e5 Bd7 21. Qe3 Bf5 22. Ne4 Bxe4 23. Qxe4 Qb4 24. Qf3 c4 25. Qxc6 cxb3 26. axb3 Qxf4 27. Qc7 Qxg5+ 28. Kh1 Rdc8 29. Qa7 Bxe5 30. Qxa6 Rxc2 31. Re2 Rxb2 32. Rxb2 Bxb2 33. Qd3 Rc8 34. Qe2 Bf6 35. b4 Rc3 36. Qf1 Qh4 37. Rd3 Qe4+ 0-1